Investigación de Operaciones en la toma de decisiones gerenciales
Presenta la importancia de la toma de decisiones y presenta las principales herramientas de investigación de operaciones utilizadas en la toma de decisiones, asi mismo muestra las ventajas y desventajas de la investigación de operaciones en la selección de decisiones instituciones.
| Main Authors: | , , |
|---|---|
| Other Authors: | |
| Format: | Tesis Section = Libro |
| Language: | Undetermined Spanish |
| Published: |
Managua
UNI
2009
|
| Subjects: |
| LEADER | 01123nam a2200265Ia 4500 | ||
|---|---|---|---|
| 008 | 240830s9999 xx 000 0 und d | ||
| 040 | |a BIBLIOTECA-RUSB/ T.Mon 658.403 R621 | ||
| 041 | |a spa | ||
| 082 | |a T.Mon 658.403 R621 | ||
| 100 | 1 | |a Rivera González, Scarleth | |
| 100 | 1 | |b Alvarado Gaitán, Karen | |
| 100 | 1 | |c Roque Montalván, José Alejandro | |
| 245 | 1 | 0 | |a Investigación de Operaciones en la toma de decisiones gerenciales |
| 260 | |a Managua |b UNI |c 2009 | ||
| 300 | |a 34 p. :il. | ||
| 502 | |a Tesis (Ingeniero Electrónico) - UNI, 2009. | ||
| 520 | 3 | |a Presenta la importancia de la toma de decisiones y presenta las principales herramientas de investigación de operaciones utilizadas en la toma de decisiones, asi mismo muestra las ventajas y desventajas de la investigación de operaciones en la selección de decisiones instituciones. | |
| 650 | 7 | |a TOMA DE DECISIONES | |
| 650 | 7 | |b ESTRATEGIA ADMINISTRATIVA | |
| 650 | 7 | |c MODELOS MATEMATICOS | |
| 650 | 7 | |d INVESTIGACIÓN DE OPERACIONES | |
| 700 | 1 | |a Tutor: |b Flores Quintana, Gloria Thalía | |
| 942 | |c BK |2 ddc | ||
| 991 | |a TESIS | ||
| 999 | |c 21912 | ||